=LDR 00000nam 2200000 4500 =001 INLIS000000000002154 =005 20130612090520 =008 ***********************************Ind** =035 ##$$0010-061300000002154 =041 ##$$a Ind =082 ##$$a 729.095 981 3 =090 ##$$a 729.095 981 3 , Mer r =100 ##$$a Marah, Risman =245 ##$$a Ragam hias Minagkabau , Risman Marah =260 ##$$a 1987 $b Jakartta =300 ##$$a vii, 89 hlm , ilus , 28 cm =650 ##$$a Kerajinan - Minangkabau =850 ##$$a NBPNMAT